[Event "Chessable Masters KO 2022"]
[Site "chess24.com INT"]
[Date "2022.05.25"]
[Round "3.11"]
[White "Praggnanandhaa, R"]
[Black "Ding, Liren"]
[Result "0-1"]
[WhiteTitle "GM"]
[BlackTitle "GM"]
[WhiteElo "2642"]
[BlackElo "2806"]
[WhiteFideId "25059530"]
[BlackFideId "8603677"]
[EventDate "2022.05.23"]
[EventType "k.o."]

1. d4 Nf6 2. c4 e6 3. Nc3 d5 4. cxd5 exd5 5. Bg5 c6 6. e3 h6 7. Bh4 Be7 8. Bd3
O-O 9. Nge2 Re8 10. O-O Nbd7 11. a4 Nh5 12. Bxe7 Qxe7 13. a5 Nf8 14. Nc1 Nf6 15.
Nb3 Rb8 16. Qc2 b6 17. axb6 axb6 18. Nd2 c5 19. Nf3 c4 20. Bf5 b5 21. Ne5 Bxf5
22. Qxf5 b4 23. Ne2 Ra8 24. Nf4 Ne6 25. Nh5 Ne4 26. Ng3 Nd6 27. Qf3 Qb7 28. Nf5
Ng5 29. Qf4 Nxf5 30. Qxf5 Ne4 31. h3 b3 32. Kh2 c3 33. bxc3 Rxa1 34. Rxa1 Nxc3
35. Ra3 Rf8 36. Nd3 b2 37. Nxb2 Qxb2 38. Ra6 Qb7 39. Ra1 Ne4 40. g3 g6 41. Qf4
Qb2 42. Rf1 Rc8 0-1

[Event "Chessable Masters KO 2022"]
[Site "chess24.com INT"]
[Date "2022.05.25"]
[Round "3.12"]
[White "Ding, Liren"]
[Black "Praggnanandhaa, R"]
[Result "0-1"]
[WhiteTitle "GM"]
[BlackTitle "GM"]
[WhiteElo "2806"]
[BlackElo "2642"]
[WhiteFideId "8603677"]
[BlackFideId "25059530"]
[EventDate "2022.05.23"]
[EventType "k.o."]

1. c4 e5 2. Nc3 Nf6 3. Nf3 Nc6 4. g3 d5 5. cxd5 Nxd5 6. Bg2 Nb6 7. O-O Be7 8. b3
O-O 9. Bb2 Bf5 10. d3 Qd7 11. Rc1 Rad8 12. a3 Rfe8 13. b4 Bf8 14. Re1 a5 15.
bxa5 Nxa5 16. Nd2 h6 17. h4 Ra8 18. Rb1 Be6 19. Qc1 Nc6 20. Rd1 Ra5 21. Nc4 Nxc4
22. dxc4 Qc8 23. Nd5 Rc5 24. a4 Na5 25. Ba3 Rxc4 26. Qe3 Bxa3 27. Qxa3 Nc6 28.
e3 e4 29. Bf1 Rc2 30. Nb4 Nxb4 31. Qxb4 Bg4 32. Rdc1 Rxc1 33. Rxc1 Bf3 34. a5
Rd8 35. Bg2 c6 36. Rb1 Rd5 37. Qxb7 Qxb7 38. Rxb7 Rxa5 39. Rc7 Rc5 40. g4 Rc4
41. g5 hxg5 42. hxg5 Rc5 43. Bxf3 exf3 44. Kh2 Rxg5 45. Rxc6 Rg2+ 46. Kh3 Kh7
47. Rc4 Rxf2 48. Kg3 Rf1 49. Rh4+ Kg8 50. Ra4 g6 51. Ra7 Kg7 52. Kg4 Kf6 53. Ra5
Ke6 54. Kf4 Kf6 55. Ra6+ Kg7 56. Kg3 f5 57. Ra5 Kf6 58. Ra6+ Ke5 0-1

[Event "Chessable Masters KO 2022"]
[Site "chess24.com INT"]
[Date "2022.05.25"]
[Round "3.13"]
[White "Praggnanandhaa, R"]
[Black "Ding, Liren"]
[Result "0-1"]
[WhiteTitle "GM"]
[BlackTitle "GM"]
[WhiteElo "2642"]
[BlackElo "2806"]
[WhiteFideId "25059530"]
[BlackFideId "8603677"]
[EventDate "2022.05.23"]
[EventType "k.o."]

1. d4 Nf6 2. c4 e6 3. Nf3 d5 4. Nc3 c6 5. Bg5 Nbd7 6. e3 Qa5 7. cxd5 Nxd5 8. Qd2
Bb4 9. Rc1 h6 10. Bh4 b6 11. Bd3 Ba6 12. O-O O-O 13. e4 Nxc3 14. bxc3 Ba3 15.
Rcd1 Rfe8 16. Rfe1 Bxd3 17. Qxd3 Rac8 18. h3 b5 19. Re2 Qa4 20. Rde1 Bf8 21. g4
c5 22. d5 c4 23. Qd2 b4 24. dxe6 Rxe6 25. Nd4 Rb6 26. Qd1 Qxd1 27. Rxd1 bxc3 28.
Rc2 Nc5 29. Rxc3 Nxe4 30. Re3 Nf6 31. Ne2 Bc5 32. Re5 Rb2 33. Nc3 Bb4 34. Rc1
Nd7 35. Re4 Nb6 36. a4 Rb3 37. Na2 Bd2 38. Rc2 c3 39. Rd4 Rb2 0-1

[Event "Chessable Masters KO 2022"]
[Site "chess24.com INT"]
[Date "2022.05.25"]
[Round "3.14"]
[White "Ding, Liren"]
[Black "Praggnanandhaa, R"]
[Result "1/2-1/2"]
[WhiteTitle "GM"]
[BlackTitle "GM"]
[WhiteElo "2806"]
[BlackElo "2642"]
[WhiteFideId "8603677"]
[BlackFideId "25059530"]
[EventDate "2022.05.23"]
[EventType "k.o."]

1. d4 Nf6 2. c4 e6 3. Nf3 Nc6 4. a3 g6 5. Nc3 Bg7 6. e4 d6 7. Be2 O-O 8. O-O Re8
9. Re1 e5 10. dxe5 dxe5 11. Qxd8 Rxd8 12. Bg5 Rd7 13. Rad1 Rxd1 14. Bxd1 Bg4 15.
Ba4 Ne8 16. Bxc6 bxc6 17. Nd2 Be6 18. Be3 a5 19. Na4 Bf8 20. Nc5 Bxc5 21. Bxc5
Nd6 22. Rc1 a4 23. f3 Nb7 24. Bb4 f6 25. c5 Na5 26. Kf2 Nb3 27. Nxb3 Bxb3 28.
Ke3 Kf7 29. Rc3 g5 30. Rd3 Ke7 31. Rd2 h5 32. h3 Be6 33. Bc3 Rb8 34. Rf2 Bc4 35.
Rd2 Ra8 36. Rf2 Rd8 37. Rd2 Ra8 38. Rf2 Rd8 39. Rd2 Ra8 1/2-1/2

[Event "Chessable Masters KO 2022"]
[Site "chess24.com INT"]
[Date "2022.05.27"]
[Round "3.21"]
[White "Ding, Liren"]
[Black "Praggnanandhaa, R"]
[Result "1/2-1/2"]
[WhiteTitle "GM"]
[BlackTitle "GM"]
[WhiteElo "2806"]
[BlackElo "2642"]
[WhiteFideId "8603677"]
[BlackFideId "25059530"]
[EventDate "2022.05.23"]
[EventType "k.o."]

1. d4 Nf6 2. c4 e6 3. Nf3 d5 4. Nc3 c5 5. cxd5 Nxd5 6. e4 Nxc3 7. bxc3 cxd4 8.
cxd4 Bb4+ 9. Bd2 Bxd2+ 10. Qxd2 O-O 11. Rd1 b6 12. Bd3 Ba6 13. Bxa6 Nxa6 14. O-O
Rc8 15. h3 h6 16. Qe2 Nb8 17. d5 exd5 18. Rxd5 Qc7 19. Rfd1 Qc4 20. Qe3 Nc6 21.
Nh4 Rfe8 22. Rc1 Qxe4 23. Qxe4 Rxe4 24. Nf5 Kh7 25. Rd7 Ne5 26. Rxc8 Nxd7 27.
Rc7 Re1+ 28. Kh2 Rd1 29. Rxa7 Rd2 30. Ne3 g6 31. Nc4 Rd4 32. Rb7 Rxc4 33. Rxd7
Kg7 34. Rb7 Rc2 35. f3 Rxa2 36. Rxb6 h5 37. h4 Ra4 38. Kg3 Rc4 39. Ra6 Rb4 40.
Ra5 Rb3 41. Ra6 Rb4 1/2-1/2

[Event "Chessable Masters KO 2022"]
[Site "chess24.com INT"]
[Date "2022.05.27"]
[Round "3.22"]
[White "Praggnanandhaa, R"]
[Black "Ding, Liren"]
[Result "1-0"]
[WhiteTitle "GM"]
[BlackTitle "GM"]
[WhiteElo "2642"]
[BlackElo "2806"]
[WhiteFideId "25059530"]
[BlackFideId "8603677"]
[EventDate "2022.05.23"]
[EventType "k.o."]

1. d4 d5 2. c4 e6 3. Nc3 Nf6 4. Nf3 c5 5. cxd5 cxd4 6. Qxd4 exd5 7. Bg5 Be7 8.
e3 O-O 9. Rd1 Be6 10. Bd3 h6 11. Bh4 Nc6 12. Qa4 Qb6 13. Rd2 Rfd8 14. O-O Rac8
15. h3 Kf8 16. Bb1 Na5 17. Qb5 Nc4 18. Qxb6 axb6 19. Re2 Nxb2 20. Rxb2 Rxc3 21.
Rxb6 Bc8 22. Rd1 Nd7 23. Bxe7+ Kxe7 24. Rb5 Nc5 25. Nd4 Bd7 26. Ra5 Ba4 27. Ne2
Rc4 28. Rd4 b6 29. Ra7+ Rd7 30. Rxd7+ Bxd7 31. Rxd5 Rb4 32. Rd1 Rb2 33. Nc3 Be6
34. Rc1 g5 35. Rc2 Rb4 36. Rd2 Na4 37. Nxa4 Rxb1+ 38. Kh2 Rb4 39. Nc3 Kf6 40.
Kg3 Kg7 41. Kf3 Rc4 42. Rd3 Rc8 43. a3 Ra8 44. Ne2 Bc4 45. Rc3 Bxe2+ 46. Kxe2 b5
47. Kd3 Ra4 48. Rb3 Kg6 49. Kc3 Rc4+ 50. Kb2 Rc5 51. Rc3 Rd5 52. Rc2 Rd3 53. Rc5
Rd2+ 54. Rc2 Rd3 55. Ka2 h5 56. Rb2 Rd5 57. Kb3 h4 58. Kc3 Rc5+ 59. Kb4 Rd5 60.
e4 Re5 61. Ka5 Rxe4 62. Kxb5 Re5+ 63. Kb6 Re6+ 64. Kb7 Re7+ 65. Kc6 Re6+ 66. Kc5
Re5+ 67. Kd6 Ra5 68. Ra2 f5 69. a4 g4 70. Kc6 Kg5 71. Kb6 Ra8 72. a5 f4 73. f3
gxh3 74. gxh3 Rb8+ 75. Kc7 Rb3 76. a6 Rc3+ 77. Kd7 Rd3+ 78. Ke7 Re3+ 79. Kf7 1-0

[Event "Chessable Masters KO 2022"]
[Site "chess24.com INT"]
[Date "2022.05.27"]
[Round "3.23"]
[White "Ding, Liren"]
[Black "Praggnanandhaa, R"]
[Result "1/2-1/2"]
[WhiteTitle "GM"]
[BlackTitle "GM"]
[WhiteElo "2806"]
[BlackElo "2642"]
[WhiteFideId "8603677"]
[BlackFideId "25059530"]
[EventDate "2022.05.23"]
[EventType "k.o."]

1. c4 e5 2. Nc3 Nf6 3. Nf3 Nc6 4. e4 Bb4 5. d3 d6 6. h3 O-O 7. Be2 a6 8. O-O h6
9. Be3 Re8 10. a3 Bc5 11. b4 Ba7 12. Qd2 Nd4 13. Bd1 Nxf3+ 14. Bxf3 Be6 15. Bxa7
Rxa7 16. Be2 a5 17. b5 Ra8 18. f4 c6 19. Kh2 Bd7 20. a4 Rc8 21. Rf2 Qb6 22. Raf1
Qd4 23. Bd1 d5 24. exd5 cxd5 25. Ne2 Ne4 26. Qc2 Qxf2 27. Rxf2 Nxf2 28. Nc3 Nxd1
29. Nxd5 Be6 30. Nb6 Ne3 31. Qf2 exf4 32. Nxc8 Rxc8 33. Qxf4 Nc2 34. Qe4 b6 35.
Qb7 Nb4 36. Qxb6 Nxd3 37. Qxa5 Bxc4 38. Qc3 g6 39. a5 Rc5 40. b6 Ba6 41. Qd4 Rc2
42. Qe4 Rc8 43. b7 Rb8 44. Qc6 Nb4 45. Qc1 h5 46. g4 hxg4 47. h4 Rxb7 48. h5 Kh7
49. Qg5 Rb5 50. hxg6+ fxg6 51. Qe7+ Kh6 52. Qf8+ Kh7 53. Qf7+ Kh6 54. Qf8+ Kg5
55. Qe7+ Kf5 56. Qf7+ Kg5 57. Qe7+ Kf4 58. Qf6+ Ke3 59. Kg3 g5 60. Kxg4 Kd3 61.
Qf1+ Kc3 62. Qe1+ Kb2 63. Qd2+ Nc2 64. Qd6 Nb4 65. Qd2+ Kb3 66. Qd1+ Kc3 67.
Qe1+ Kd4 68. Qf2+ Kc4 69. Qe2+ Kc5 70. Kxg5 Rxa5 71. Qe3+ Kc6+ 72. Kh6 Rd5 73.
Qc3+ Kb5 74. Qc7 Nc6 75. Qh2 Kc5 76. Qf2+ Nd4 77. Qa2 Rd6+ 78. Kg5 Re6 79. Qa5+
Kc4 80. Qa4+ Kd5 81. Qd7+ Ke4 82. Qh7+ Ke3 83. Qa7 Bd3 84. Kg4 Re5 85. Kh4 Be2
86. Qa3+ Ke4 87. Qb4 Rf5 88. Kg3 Rf3+ 89. Kh4 Rf5 90. Kg3 Ke3 91. Qe7+ Kd3 92.
Qa3+ Kc4 93. Qa2+ Kc5 94. Qa7+ Kd5 95. Qa8+ Ke5 96. Qb8+ Ke4 97. Qa8+ Rd5 98.
Kf2 Bg4 99. Qb7 Be6 100. Qa8 Bd7 101. Qb7 Bc6 102. Qb1+ Ke5 103. Qb8+ Ke4 104.
Qb1+ Ke5 105. Qb8+ Ke4 106. Qb1+ 1/2-1/2

[Event "Chessable Masters KO 2022"]
[Site "chess24.com INT"]
[Date "2022.05.27"]
[Round "3.24"]
[White "Praggnanandhaa, R"]
[Black "Ding, Liren"]
[Result "1/2-1/2"]
[WhiteTitle "GM"]
[BlackTitle "GM"]
[WhiteElo "2642"]
[BlackElo "2806"]
[WhiteFideId "25059530"]
[BlackFideId "8603677"]
[EventDate "2022.05.23"]
[EventType "k.o."]

1. d4 Nf6 2. Nf3 b6 3. c4 Bb7 4. g3 c5 5. Bg2 cxd4 6. O-O g6 7. Qxd4 Bg7 8. Nc3
Nc6 9. Qh4 h6 10. Nd5 Rc8 11. Rb1 Na5 12. Nd2 O-O 13. Nxf6+ Bxf6 14. Qxh6 Bxg2
15. Kxg2 Nxc4 16. Ne4 Qc7 17. Nxf6+ exf6 18. b3 Qb7+ 19. Kg1 Ne5 20. Bb2 Rc2 21.
Bxe5 fxe5 22. Qe3 Re8 23. a4 Qa6 24. Rfe1 d5 25. Rbd1 Qa5 26. Qd3 Rc5 27. Qd2
Qxd2 28. Rxd2 Rec8 29. Kg2 a5 30. e3 Kg7 31. Rb1 Rd8 32. b4 Rc4 33. bxa5 bxa5
34. Rb5 Rxa4 35. Rbxd5 Rxd5 36. Rxd5 e4 37. g4 Kf6 38. h4 Ra1 39. Kg3 a4 40. Ra5
a3 41. Kf4 Rf1 42. Rxa3 Rxf2+ 43. Kxe4 Rh2 44. h5 1/2-1/2

[Event "Chessable Masters KO 2022"]
[Site "chess24.com INT"]
[Date "2022.05.27"]
[Round "3.31"]
[White "Praggnanandhaa, R"]
[Black "Ding, Liren"]
[Result "1/2-1/2"]
[WhiteTitle "GM"]
[BlackTitle "GM"]
[WhiteElo "2642"]
[BlackElo "2806"]
[WhiteFideId "25059530"]
[BlackFideId "8603677"]
[EventDate "2022.05.23"]
[EventType "k.o."]

1. d4 Nf6 2. c4 e6 3. Nc3 d5 4. Nf3 Bb4 5. Qa4+ Nc6 6. e3 O-O 7. Qc2 Re8 8. Bd2
Bf8 9. Be2 Nb4 10. Qb1 dxc4 11. Bxc4 b6 12. a3 Nbd5 13. e4 Nxc3 14. Bxc3 Bb7 15.
Bd3 h6 16. b4 Rb8 17. O-O c5 18. dxc5 bxc5 19. Be5 Rc8 20. bxc5 Rxc5 21. Bd4 Rc7
22. Bxa7 Qa8 23. Bb6 Rcc8 24. Re1 Nd7 25. Bd4 Nc5 26. Bc2 Red8 27. a4 f5 28. Qa2
fxe4 29. Bxc5 Bd5 30. Bxe4 Rxc5 31. Bxd5 exd5 32. a5 Rdc8 33. a6 Rc2 34. Qb3 Qa7
35. Qxd5+ Kh8 36. Rf1 Bc5 37. Kh1 Qa8 38. Qxa8 Rxa8 39. Rfc1 Rxc1+ 40. Rxc1 Bxf2
41. Rc6 Kg8 42. g4 Kf7 43. Kg2 Be3 44. Ne5+ Ke7 45. Kf3 Bg1 46. h4 Rb8 47. Ke4
Rb5 48. Rc7+ Ke6 49. Rc6+ Ke7 50. Rc1 Bb6 51. a7 Rb4+ 52. Kf5 Ra4 53. Rb1 Bxa7
54. Rb7+ Kf8 55. Kg6 Ra6+ 56. Kh7 Bd4 57. Ng6+ Ke8 58. Rb8+ Kf7 59. Rb7+ Ke8 60.
h5 Bf6 61. Rxg7 Bxg7 62. Kxg7 Ra4 63. Kxh6 Rxg4 64. Kg7 Rg1 65. h6 Rh1 66. h7
Rxh7+ 67. Kxh7 1/2-1/2

[Event "Chessable Masters KO 2022"]
[Site "chess24.com INT"]
[Date "2022.05.27"]
[Round "3.32"]
[White "Ding, Liren"]
[Black "Praggnanandhaa, R"]
[Result "1-0"]
[WhiteTitle "GM"]
[BlackTitle "GM"]
[WhiteElo "2806"]
[BlackElo "2642"]
[WhiteFideId "8603677"]
[BlackFideId "25059530"]
[EventDate "2022.05.23"]
[EventType "k.o."]

1. d4 Nf6 2. c4 e6 3. Nc3 Bb4 4. e3 O-O 5. Bd2 d5 6. a3 Be7 7. Nf3 b6 8. cxd5
exd5 9. Rc1 c5 10. dxc5 bxc5 11. Bd3 Bg4 12. h3 Bh5 13. Ne2 Bxf3 14. gxf3 Nbd7
15. Bc3 Re8 16. O-O Nf8 17. Ng3 Ng6 18. Nf5 Bf8 19. Bb1 d4 20. exd4 Nd5 21. dxc5
Qg5+ 22. Kh2 Rad8 23. Qa4 Ndf4 24. Rg1 Qh5 25. Rg3 Ne2 26. Rcg1 Nxg3 27. Rxg3
Re2 28. Bd4 Rd2 29. Be3 R2d5 30. Rg5 Qxf3 31. Be4 Qd1 32. Qxd1 Rxd1 33. c6 Rc8
34. Bxa7 f6 35. Rg1 Rd2 36. b4 Ne5 37. b5 g6 38. Be3 Kh8 39. Bxd2 gxf5 40. Bd5
Bd6 41. f4 Nd3 42. b6 Nxf4 43. Bxf4 Bxf4+ 44. Kh1 h5 45. a4 Kh7 46. a5 Bd2 47.
a6 Be3 48. Rb1 Rd8 49. a7 1-0